00606nam a2200169Ia 4500952014600000999001700146003000400163005001700167008004100184040000900225082002200234100002500256245005600281260004000337300000900377942005000386 00102ddc40708MANAGEMENTaMESbMEScMANAGEMENTd2019-02-20g90.00l0o658.312805 KUT/Tp24397r2019-02-20 00:00:00w2019-02-20yBKzGL55R1 c37279d37279OSt20201012120813.0190216s9999||||xx |||||||||||||| ||und|| coclc a658.312805bKUT/T aKutty, A Assan95586 0aTravel Management /cA Assan Kutty ; C P Aboobacker bCalicut University,c1999.aFeroke; a345p cBK2ddch658.312805iKUT/Tk658.312805mKUT/T